[Event "Olympiad-23"]
[Site "Buenos Aires"]
[Date "1978.11.01"]
[Round "7"]
[White "Torre, Vic"]
[Black "Vilela de Acuna, Jose Luis"]
[Result "1/2-1/2"]
[WhiteElo "2250"]
[BlackElo "2435"]
[PlyCount "139"]
[EventDate "1978.10.25"]
[EventType "team-swiss"]
[EventRounds "14"]
[EventCountry "ARG"]
[SourceTitle "EXT 2000"]
[Source "ChessBase"]
[SourceDate "1999.11.16"]
[SourceVersion "1"]
[SourceVersionDate "1999.11.16"]
[SourceQuality "1"]
[WhiteTeam "Philippines"]
[BlackTeam "Cuba"]
[WhiteTeamCountry "PHI"]
[BlackTeamCountry "CUB"]

1. Nf3 c5 2. c4 Nf6 3. g3 b6 4. Bg2 Bb7 5. 0-0 e6 6. Nc3 Be7 7. d4 cxd4 8. Nxd4 Bxg2 9. Kxg2 Qc8 10. Qd3 0-0 11. e4 d6 12. Bg5 Nbd7 13. Nf3 Qb7 14. Rfe1 a6 15. Rad1 Rfd8 16. Qe2 Rac8 17. Rc1 Rc7 18. b3 Rdc8 19. Bd2 Ne5 20. Nd4 Nc6 21. Nxc6 Rxc6 22. Kg1 Bf8 23. h3 Nd7 24. Kh2 g6 25. Nb1 Bg7 26. Bc3 b5 27. Bxg7 Kxg7 28. Nd2 Nb6 29. Rc3 bxc4 30. Nxc4 Nxc4 31. Rxc4 Rxc4 32. bxc4 Qb4 33. e5 dxe5 34. Qxe5+ Kg8 35. Qe2 Rxc4 36. Rb1 Qc5 37. Rb2 Qd5 38. Rd2 Rd4 39. Rxd4 Qxd4 40. Kg1 a5 41. h4 h5 42. Qc2 a4 43. Qc1 e5 44. a3 Kg7 45. Kg2 Qd5+ 46. Kg1 Kf6 47. Qc2 Qd4 48. Qc6+ Kg7 49. Kg2 Kh7 50. Qb7 Kg7 51. Qe7 e4 52. Kg1 Qc3 53. Kg2 Qf3+ 54. Kg1 Qd1+ 55. Kg2 Qd4 56. Kg1 Qc3 57. Kg2 Qb3 58. Kg1 Kg8 59. Qe8+ Kh7 60. Qe7 Qf3 61. Qd6 e3 62. fxe3 Qxe3+ 63. Kg2 Qe2+ 64. Kg1 Qe3+ 65. Kg2 Qc3 66. Kh2 Kg7 67. Kg1 Qc4 68. Kg2 Kg8 69. Kg1 Qb5 70. Qd8+ 1/2-1/2